| 000 | 00794nam a2200241 i 4500 | ||
|---|---|---|---|
| 001 | 6158 | ||
| 003 | ES-MaACL | ||
| 005 | 20240120062952.0 | ||
| 008 | 890821s1987 sp ||||1| spa d | ||
| 020 | _a84-7688-163-0 | ||
| 080 | _a621-52:8 | ||
| 080 | _a8:621-52 | ||
| 100 | 1 |
_aRuiz de Torres, Juan, _d1931-2014 _9155342 |
|
| 245 | 1 | 3 |
_aEl ordenador y la literatura / _cJuan Ruiz de Torres. |
| 260 |
_aMadrid : _bSiglo Cultural, _cD.L. 1987. |
||
| 300 |
_a95 p. ; _c23 cm. |
||
| 490 | 1 |
_aEnciclopedia práctica de la informática aplicada ; _v39 |
|
| 650 | 1 | 4 |
_aOrdenadores. _915740 |
| 650 | 1 | 4 |
_aLiteratura- _xProceso de datos. _9170034 |
| 830 | 0 |
_aEnciclopedia práctica de la informática aplicada ; _v39 _9192572 |
|
| 852 |
_aES-MaACL _jL-13308 |
||
| 999 |
_c6158 _d6158 |
||